000 00675nam a2200193Ii 4500
003 JO-AjNU
008 230605s9999||||xx |||||||||||||| ||und||
040 _aJO-AjNU
_bara
_erda
_cJO-AjNU
041 _aara
050 1 4 _aHC415.26.K425.1985
100 3 _aالمجلس القومي للتخطيط,
_eauthor
_945286
245 0 0 _aالخطة الاقتصادية والاجتماعية1981-1985
264 3 1 _aعمان:وزارة التخطيط،1985
300 _a360ص
336 _atext
_btxt
_2rdacontent
337 _aunmediated
_bn
_2rdamedia
338 _avolume
_bnc
_2rdacarrier
650 4 _aسياسة اقتصادية-سياسة اجتماعية-الاردن
_945287
999 _aA19618
_c23186
_d23186